000 01081nam a2200313Ia 4500
003 OSt
005 20221006160553.0
006 a|||||r|||| 00| 0
007 ta
008 221006b |||||||| |||| 00| 0 eng d
020 _a9783447063746
_c£54.00
024 _a45,519
037 _bTZ14433, 04/03/2015, Techniz Books International
_cTextual
040 _aEASL
_cEASL
_beng
041 _2eng
_aeng
082 _aV4295.P1, Q0
100 _aHEYLEN Ann Ed.
_9674177
245 0 _aBecoming Taiwan
_b From colonialism to democracy
260 _aWiesbaden
_bHarrassowitz Verlag
_c2010
300 _a224p.
_ccm.
490 _v CEL
_aStudia Formosiana, Volume 6
650 _a CEL
650 _a Taiwan - Literature - Early Postwar Debates on
_9674178
650 _a Taiwan - Society - Organization of
_9674179
650 _aTaiwan - China - Relations
_9674180
700 _a SOMMERS Scott Ed.
_9674181
942 _hV4295.P1, Q0
_cTEXL
_2CC
999 _c1113611
_d1113611